| 000 | 00866nam a22002297a 4500 | ||
|---|---|---|---|
| 008 | 260522m mx gr|||| 001 0 spa d | ||
| 020 | _a968-12-1058-1 | ||
| 040 | _bspa | ||
| 041 |
_aSPA _hSPA |
||
| 082 | 0 | 4 | _2895.13 / W38 / C83 / 2002 |
| 100 |
_9MENG, WANG _cAUTOR _aMENG, WANG |
||
| 245 | _aCUENTOS | ||
| 260 |
_aCOLEGIO DE MÉXIC _bMÉXICO _c1934 |
||
| 300 |
_a210 Páginas, _b21 cm X 13.8 cm |
||
| 336 |
_2rdacontent _atexto _btxt |
||
| 337 |
_2rdamedia _asin mediación _bn |
||
| 338 |
_2rdacarrier _avolumen _bnc |
||
| 505 | _aCHINA HA SIDO, VISTATA DESDE EL OCCIDENTE, UNA VASTA LEJANA Y MISTERIOSA, REVOLUCIONARIA Y VISIONARIA, EJEMPLO DE REFINAMIENTO Y SABIDURIA, INFIERNO SOBRE LA TIERRA, ESCUELA DE REVOLUCIONES PPOPULARES. | ||
| 650 |
_v895 _x800 _y90 _z5 |
||
| 700 |
_aFLORA BOTTON BEJA _ePREFACIÓN, PRÓLOGO Y SELECCIÓN |
||
| 942 |
_2ddc _cCONSULTA |
||
| 999 |
_c68591 _d68591 |
||